Anatomy 1001 chi tiết về cơ thể con người = 1001 facts about the human body

Bewaard in:
Bibliografische gegevens
Hoofdauteur: Sarah Brewer
Formaat: Boek
Taal:Undetermined
Gepubliceerd in: H. Thống Kê 2003
Onderwerpen:
Tags: Voeg label toe
Geen labels, Wees de eerste die dit record labelt!
Thư viện lưu trữ: Trung tâm Học liệu Trường Đại học Cần Thơ
LEADER 00581nam a2200193Ia 4500
001 CTU_54139
008 210402s9999 xx 000 0 und d
020 |b 40000 
082 |a 611 
082 |b B847 
100 |a Sarah Brewer 
245 0 |a Anatomy 1001 chi tiết về cơ thể con người 
245 0 |b = 1001 facts about the human body 
245 0 |c Sarah Brewer; Sinh Phúc và Công Bình biên dịch 
260 |a H. 
260 |b Thống Kê 
260 |c 2003 
650 |a anatomy, human 
980 |a Trung tâm Học liệu Trường Đại học Cần Thơ